000
00338nam a2200145Ia 4500
008
150201s2009 xx 000 0 und d
082
_a
616.5
_b
E09T
100
_a
THAPPA , DM.
245
_a
ESSENTIALS IN DERMATOLOGY
250
_a
2ND
260
_b
JAYPEE
_a
DELHI
_c
2009
300
_a
1-473
650
_a
DERMATOLOGY
942
_2
ddc
_c
BK
_0
2
999
_c
1681
_d
1681